[Event "AUT-ch"]
[Site "Hartberg"]
[Date "2004.07.25"]
[Round "2"]
[White "Arwanitakis, Michael"]
[Black "Moser, Eva"]
[Result "0-1"]
[WhiteElo "2242"]
[BlackElo "2406"]
[PlyCount "104"]
[EventDate "2004.07.24"]
[EventType "swiss"]
[EventRounds "9"]
[EventCountry "AUT"]
[SourceTitle "CBM 101 Extra"]
[Source "ChessBase"]
[SourceDate "2004.09.01"]
[SourceVersion "2"]
[SourceVersionDate "2004.09.01"]
[SourceQuality "1"]

1. e4 e6 2. d4 d5 3. Nc3 Bb4 4. Nge2 dxe4 5. a3 Be7 6. Nxe4 Nc6 7. g3 e5 8. d5
Nd4 9. N2c3 c6 10. Bg2 f5 11. Nd2 Nf6 12. Nc4 Qc7 13. Bf4 Nxc2+ 14. Qxc2 exf4
15. O-O-O cxd5 16. Nxd5 Nxd5 17. Bxd5 Bd7 18. Rhe1 Rc8 19. Kb1 Kf8 20. Qe2 Bf6
21. Qd2 g6 22. Qb4+ Qc5 23. Qxb7 Rc7 24. Qa6 Kg7 25. Qd6 Qxd6 26. Nxd6 Rb8 27.
Nc4 fxg3 28. hxg3 Ba4 29. Rc1 Bb3 30. Ne3 Rxc1+ 31. Kxc1 Bxd5 32. Nxd5 Bxb2+
33. Kc2 Bxa3 34. f4 Kf7 35. Ra1 Bc5 36. Ra6 Rb7 37. Rf6+ Kg7 38. Rc6 Bf2 39.
Rc3 Rd7 40. Nc7 Bb6 41. Ne6+ Kf6 42. Ng5 h6 43. Rc6+ Kg7 44. Ne6+ Kf7 45. Kc3
Re7 46. Nc5 Rc7 47. Rxc7+ Bxc7 48. Kc4 g5 49. fxg5 hxg5 50. g4 fxg4 51. Kd3 g3
52. Ke2 g2 0-1

[Event "AUT-ch"]
[Site "Hartberg"]
[Date "2004.07.24"]
[Round "1"]
[White "Moser, Eva"]
[Black "Poeltl, Thomas"]
[Result "1-0"]
[WhiteElo "2406"]
[BlackElo "2217"]
[PlyCount "63"]
[EventDate "2004.07.24"]
[EventType "swiss"]
[EventRounds "9"]
[EventCountry "AUT"]
[SourceTitle "CBM 101 Extra"]
[Source "ChessBase"]
[SourceDate "2004.09.01"]
[SourceVersion "2"]
[SourceVersionDate "2004.09.01"]
[SourceQuality "1"]

1. e4 c5 2. d3 g6 3. g3 b6 4. Bg2 Bb7 5. Nc3 Bg7 6. f4 Nc6 7. Nf3 d6 8. O-O e6
9. f5 Qd7 10. fxe6 fxe6 11. Bh3 Nf6 12. Ng5 Nd8 13. Ne2 O-O 14. Nf4 Re8 15. c3
c4 16. d4 Nxe4 17. Ngxe6 Nxe6 18. Nxe6 d5 19. Nxg7 Qxg7 20. Bf4 Bc8 21. Be5 Qh6
22. Bxc8 Raxc8 23. Rf4 g5 24. Qg4 Qg6 25. Rff1 Qe6 26. Rf5 Qe7 27. Re1 Rf8 28.
Rxe4 Rxf5 29. Qxf5 Rf8 30. Bd6 dxe4 31. Qd5+ Qf7 32. Qxg5+ 1-0

[Event "Oberwart op"]
[Site "Oberwart"]
[Date "2004.07.15"]
[Round "6"]
[White "Schwab, Rene"]
[Black "Moser, Eva"]
[Result "0-1"]
[WhiteElo "2240"]
[BlackElo "2406"]
[PlyCount "62"]
[EventDate "2004.07.10"]
[EventType "swiss"]
[EventRounds "9"]
[EventCountry "AUT"]
[SourceTitle "CBM 103 Extra"]
[Source "ChessBase"]
[SourceDate "2005.01.01"]
[SourceVersion "1"]
[SourceVersionDate "2005.01.01"]
[SourceQuality "1"]

1. e4 e5 2. Nf3 d6 3. d4 exd4 4. Nxd4 Nf6 5. Bd3 Be7 6. O-O O-O 7. b3 Nbd7 8.
Bb2 Nc5 9. f3 c6 10. c4 Qb6 11. Nc3 a5 12. Rf2 a4 13. Bf1 Rd8 14. g3 Ne8 15.
Kg2 Bf6 16. Rb1 Nc7 17. Rd2 axb3 18. Ba1 N7e6 19. Nf5 Qc7 20. Nxd6 bxa2 21. Rc1
Bg5 22. f4 Nxf4+ 23. gxf4 Bxf4 24. Ndb5 Rxd2+ 25. Qxd2 cxb5 26. Qd4 Ne6 27.
Nxb5 Nxd4 28. Nxc7 Bxc1 29. Nxa8 Nc2 30. Bc3 Ne3+ 31. Kf2 Nd1+ 0-1

[Event "Oberwart op"]
[Site "Oberwart"]
[Date "2004.07.14"]
[Round "5"]
[White "Moser, Eva"]
[Black "Stanec, Nikolaus"]
[Result "1/2-1/2"]
[WhiteElo "2406"]
[BlackElo "2562"]
[PlyCount "34"]
[EventDate "2004.07.10"]
[EventType "swiss"]
[EventRounds "9"]
[EventCountry "AUT"]
[SourceTitle "CBM 103 Extra"]
[Source "ChessBase"]
[SourceDate "2005.01.01"]
[SourceVersion "1"]
[SourceVersionDate "2005.01.01"]
[SourceQuality "1"]

1. e4 c5 2. Nf3 Nc6 3. c3 e6 4. d4 d5 5. exd5 exd5 6. Bb5 Bd6 7. dxc5 Bxc5 8.
O-O Nge7 9. Nbd2 O-O 10. Nb3 Bb6 11. Re1 Bg4 12. Be3 Re8 13. Bxb6 Qxb6 14. Bd3
h6 15. h3 Bh5 16. Re3 Kf8 17. Qd2 Bxf3 1/2-1/2

[Event "Oberwart op"]
[Site "Oberwart"]
[Date "2004.07.13"]
[Round "4"]
[White "Kwatschewsky, Leo"]
[Black "Moser, Eva"]
[Result "0-1"]
[WhiteElo "2255"]
[BlackElo "2406"]
[PlyCount "52"]
[EventDate "2004.07.10"]
[EventType "swiss"]
[EventRounds "9"]
[EventCountry "AUT"]
[SourceTitle "CBM 103 Extra"]
[Source "ChessBase"]
[SourceDate "2005.01.01"]
[SourceVersion "1"]
[SourceVersionDate "2005.01.01"]
[SourceQuality "1"]

1. Nf3 d6 2. d4 f5 3. c4 Nf6 4. Nc3 g6 5. g3 Bg7 6. Bg2 O-O 7. O-O Nc6 8. d5
Ne5 9. Nxe5 dxe5 10. e4 f4 11. gxf4 exf4 12. Bxf4 Nxe4 13. Nxe4 Rxf4 14. Qd2
Qf8 15. Rae1 a5 16. b3 Ra6 17. Qe3 Bh6 18. Qc3 Bf5 19. Qe5 Rh4 20. f4 Bg7 21.
Qxc7 Bd4+ 22. Nf2 Bd3 23. d6 Rxd6 24. Rxe7 Rxf4 25. Qxd6 Rxf2 26. Bd5+ Kh8 0-1

[Event "Oberwart op"]
[Site "Oberwart"]
[Date "2004.07.11"]
[Round "2"]
[White "Bozinovic, Boban"]
[Black "Moser, Eva"]
[Result "1/2-1/2"]
[WhiteElo "2161"]
[BlackElo "2406"]
[PlyCount "65"]
[EventDate "2004.07.10"]
[EventType "swiss"]
[EventRounds "9"]
[EventCountry "AUT"]
[SourceTitle "CBM 103 Extra"]
[Source "ChessBase"]
[SourceDate "2005.01.01"]
[SourceVersion "1"]
[SourceVersionDate "2005.01.01"]
[SourceQuality "1"]

1. e4 d6 2. d4 Nf6 3. Nc3 Nbd7 4. Nf3 e5 5. Bc4 Be7 6. O-O O-O 7. h3 c6 8. a3
Qc7 9. Bb3 Rb8 10. Be3 b5 11. Qe2 a5 12. dxe5 dxe5 13. Nd2 a4 14. Ba2 Bc5 15.
Bxc5 Nxc5 16. Rfd1 Ne6 17. Bxe6 Bxe6 18. b4 Nd7 19. Rab1 Nb6 20. Qe3 Rfd8 21.
Ne2 Qe7 22. Qc3 Ba2 23. Ra1 Bc4 24. Ng3 g6 25. Nf3 f6 26. Qe3 Be6 27. Ne1 Nc4
28. Qc3 Rxd1 29. Rxd1 Rd8 30. Nd3 Qg7 31. Re1 Qh6 32. Nf1 Qf8 33. Nc5 1/2-1/2

[Event "Oberwart op"]
[Site "Oberwart"]
[Date "2004.07.10"]
[Round "1"]
[White "Moser, Eva"]
[Black "Neuberger, Marco"]
[Result "1-0"]
[WhiteElo "2406"]
[BlackElo "1943"]
[PlyCount "61"]
[EventDate "2004.07.10"]
[EventType "swiss"]
[EventRounds "9"]
[EventCountry "AUT"]
[SourceTitle "CBM 103 Extra"]
[Source "ChessBase"]
[SourceDate "2005.01.01"]
[SourceVersion "1"]
[SourceVersionDate "2005.01.01"]
[SourceQuality "1"]

1. e4 c5 2. d3 Nc6 3. g3 g6 4. Bg2 Bg7 5. f4 d6 6. Nf3 Nf6 7. O-O O-O 8. Nh4
Rb8 9. f5 Ne5 10. h3 h6 11. g4 g5 12. Nf3 Nfd7 13. Kh1 b5 14. Nc3 b4 15. Ne2
Qc7 16. Ng3 Nxf3 17. Qxf3 Be5 18. Ne2 Bf6 19. h4 Kh7 20. hxg5 Bxg5 21. Qh3 Rg8
22. Bxg5 Rxg5 23. Bf3 Qd8 24. Rf2 Qg8 25. Rh2 Qg7 26. Nf4 Nf6 27. Rg1 Bb7 28.
Qh4 Rg8 29. Nh3 Rxg4 30. Bxg4 Nxe4 31. Bf3 1-0

[Event "Mitropa Cup 23th"]
[Site "Zemplinska Sirava"]
[Date "2004.06.06"]
[Round "9.1"]
[White "Maze, Sebastien"]
[Black "Moser, Eva"]
[Result "1/2-1/2"]
[WhiteElo "2486"]
[BlackElo "2409"]
[PlyCount "55"]
[EventDate "2004.05.29"]
[EventType "team-tourn"]
[EventRounds "9"]
[EventCountry "SVK"]
[SourceTitle "CBM 100 Extra"]
[Source "ChessBase"]
[SourceDate "2004.07.06"]
[SourceVersion "2"]
[SourceVersionDate "2004.07.06"]
[SourceQuality "1"]
[WhiteTeam "France"]
[BlackTeam "Austria"]
[WhiteTeamCountry "FRA"]
[BlackTeamCountry "AUT"]

1. e4 e5 2. Nf3 d6 3. d4 exd4 4. Nxd4 Nf6 5. Nc3 Be7 6. Bf4 O-O 7. Qd2 c6 8.
O-O-O b5 9. f3 b4 10. Nb1 a5 11. g4 a4 12. a3 bxa3 13. Nxa3 Qb6 14. Be3 Qb7 15.
g5 Nh5 16. Be2 Na6 17. Qc3 Nb4 18. Kb1 d5 19. Nf5 Bxf5 20. exf5 Rab8 21. f4 d4
22. Bxd4 Nd5 23. Qf3 Nhxf4 24. Bc4 Bc5 25. Be5 Bd6 26. Bd4 Bc5 27. Be5 Bd6 28.
Bd4 1/2-1/2

[Event "Mitropa Cup 23th"]
[Site "Zemplinska Sirava"]
[Date "2004.06.05"]
[Round "8.1"]
[White "Moser, Eva"]
[Black "Mikhalchishin, Adrian"]
[Result "1-0"]
[WhiteElo "2409"]
[BlackElo "2527"]
[PlyCount "119"]
[EventDate "2004.05.29"]
[EventType "team-tourn"]
[EventRounds "9"]
[EventCountry "SVK"]
[SourceTitle "CBM 100 Extra"]
[Source "ChessBase"]
[SourceDate "2004.07.06"]
[SourceVersion "2"]
[SourceVersionDate "2004.07.06"]
[SourceQuality "1"]
[WhiteTeam "Austria"]
[BlackTeam "Slovenia"]
[WhiteTeamCountry "AUT"]
[BlackTeamCountry "SLO"]

1. e4 c5 2. Nf3 d6 3. Bb5+ Nd7 4. d4 Ngf6 5. Nc3 cxd4 6. Qxd4 e5 7. Qd3 h6 8.
O-O Be7 9. Be3 O-O 10. Bc4 Qc7 11. Nh4 Nc5 12. Nb5 Qc6 13. Bxc5 Qxc5 14. Ng6
Re8 15. Qb3 d5 16. Nxe7+ Rxe7 17. Bxd5 Nxd5 18. Qxd5 Qxd5 19. exd5 Bf5 20. Rac1
Rd8 21. Rfd1 a6 22. Nc3 Rc7 23. f3 b5 24. Kf2 Rc4 25. Ke3 Rdc8 26. g4 Bd7 27.
Rd2 Rb4 28. Nd1 f5 29. gxf5 Bxf5 30. b3 Kf7 31. c3 Rh4 32. Nb2 Ke7 33. c4 Kd6
34. a4 Rh3 35. b4 Bg4 36. c5+ Kd7 37. Rf2 Rf8 38. axb5 Bxf3 39. Kd2 Rf4 40.
bxa6 Rd4+ 41. Ke1 Bxd5 42. b5 Re3+ 43. Kf1 Ra3 44. c6+ Kc7 45. b6+ Kxb6 46. c7
Be6 47. c8=Q Bxc8 48. Rxc8 Rxa6 49. Nc4+ Kb7 50. Rc5 Rd1+ 51. Kg2 Rg6+ 52. Kf3
Rf6+ 53. Ke2 Rd4 54. Rg2 g5 55. Ke3 Rh4 56. Rb2+ Ka7 57. Ra5+ Ra6 58. Rxa6+
Kxa6 59. Nxe5 Ra4 60. Nd3 1-0

[Event "Mitropa Cup 23th"]
[Site "Zemplinska Sirava"]
[Date "2004.06.04"]
[Round "7.1"]
[White "Moser, Eva"]
[Black "Prusikin, Michael"]
[Result "1/2-1/2"]
[WhiteElo "2409"]
[BlackElo "2518"]
[PlyCount "93"]
[EventDate "2004.05.29"]
[EventType "team-tourn"]
[EventRounds "9"]
[EventCountry "SVK"]
[SourceTitle "CBM 100 Extra"]
[Source "ChessBase"]
[SourceDate "2004.07.06"]
[SourceVersion "2"]
[SourceVersionDate "2004.07.06"]
[SourceQuality "1"]
[WhiteTeam "Austria"]
[BlackTeam "Germany"]
[WhiteTeamCountry "AUT"]
[BlackTeamCountry "GER"]

1. e4 c5 2. Nf3 e6 3. c3 d5 4. exd5 Qxd5 5. d4 Nf6 6. Na3 Be7 7. Nb5 Na6 8. c4
Qd8 9. Be2 O-O 10. O-O Bd7 11. Nc3 Qc7 12. Bg5 Rad8 13. Qc1 Bc6 14. Nb5 Bxb5
15. cxb5 Nb4 16. Bxf6 Bxf6 17. Qxc5 Qxc5 18. dxc5 Rc8 19. Rac1 Bxb2 20. Rc4 Nd5
21. Rb1 Bf6 22. Rbc1 Rfd8 23. g3 Rc7 24. h4 Rdc8 25. Nd2 Nc3 26. R4xc3 Bxc3 27.
Rxc3 Rxc5 28. Rc4 Kf8 29. Kg2 Ke7 30. a4 Rxc4 31. Nxc4 b6 32. Kf3 Rc5 33. Ke3
e5 34. Ke4 f6 35. g4 Ke6 36. h5 Rd5 37. Ke3 g6 38. hxg6 hxg6 39. Nd2 Rd4 40.
Bc4+ Ke7 41. f3 f5 42. gxf5 gxf5 43. Bb3 Rb4 44. Bc2 Ke6 45. Bb3+ Ke7 46. Bc2
Ke6 47. Bb3+ 1/2-1/2

[Event "Mitropa Cup 23th"]
[Site "Zemplinska Sirava"]
[Date "2004.06.03"]
[Round "6.1"]
[White "Gerber, Richard"]
[Black "Moser, Eva"]
[Result "0-1"]
[WhiteElo "2414"]
[BlackElo "2409"]
[PlyCount "124"]
[EventDate "2004.05.29"]
[EventType "team-tourn"]
[EventRounds "9"]
[EventCountry "SVK"]
[SourceTitle "CBM 100 Extra"]
[Source "ChessBase"]
[SourceDate "2004.07.06"]
[SourceVersion "2"]
[SourceVersionDate "2004.07.06"]
[SourceQuality "1"]
[WhiteTeam "Switzerland"]
[BlackTeam "Austria"]
[WhiteTeamCountry "SUI"]
[BlackTeamCountry "AUT"]

1. Nf3 d6 2. d4 f5 3. c4 Nf6 4. Nc3 g6 5. g3 Bg7 6. Bg2 O-O 7. O-O Nc6 8. b3 e5
9. dxe5 dxe5 10. Ba3 Re8 11. Qxd8 Rxd8 12. Rad1 e4 13. Rxd8+ Nxd8 14. Nd4 Ne6
15. Nxe6 Bxe6 16. Rd1 Kf7 17. f3 exf3 18. exf3 c6 19. Ne2 Re8 20. Kf2 Bc8 21.
Bc5 b6 22. Be3 c5 23. a3 Bb7 24. Nc1 Re7 25. Nd3 h6 26. h4 Nh5 27. Nxc5 bxc5
28. Bxc5 Rc7 29. Bxa7 Be5 30. f4 Bxg2 31. Bb8 Bc6 32. b4 Ba4 33. Bxc7 Bxc7 34.
Rd5 Nf6 35. Rd3 Ke6 36. Ke3 Bc2 37. Rd2 Bb3 38. Kd4 Ne4 39. Rb2 Ba4 40. c5 Bd8
41. Kc4 Bf6 42. Rg2 Nc3 43. Rd2 Bb5+ 44. Kb3 Ba4+ 45. Kc4 Bb5+ 46. Kb3 Ne4 47.
Rg2 Kd5 48. g4 Bf1 49. Rg1 Bc4+ 50. Kc2 Bd4 51. Rd1 fxg4 52. c6 g3 53. c7 Nd6
54. h5 gxh5 55. f5 g2 56. f6 Ke5 57. b5 g1=Q 58. Rxg1 Bxg1 59. Kc3 Be6 60. a4
Bb6 61. Kb4 Bxc7 62. a5 Bxa5+ 0-1

[Event "Mitropa Cup 23th"]
[Site "Zemplinska Sirava"]
[Date "2004.06.02"]
[Round "5.1"]
[White "Moser, Eva"]
[Black "Varga, Zoltan"]
[Result "1-0"]
[WhiteElo "2409"]
[BlackElo "2564"]
[PlyCount "75"]
[EventDate "2004.05.29"]
[EventType "team-tourn"]
[EventRounds "9"]
[EventCountry "SVK"]
[SourceTitle "CBM 100 Extra"]
[Source "ChessBase"]
[SourceDate "2004.07.06"]
[SourceVersion "2"]
[SourceVersionDate "2004.07.06"]
[SourceQuality "1"]
[WhiteTeam "Austria"]
[BlackTeam "Hungary"]
[WhiteTeamCountry "AUT"]
[BlackTeamCountry "HUN"]

1. e4 Nf6 2. e5 Nd5 3. d4 d6 4. c4 Nb6 5. f4 dxe5 6. fxe5 Nc6 7. Be3 Bf5 8. Nc3
e6 9. Nf3 Bg4 10. Qd2 Bxf3 11. gxf3 Qh4+ 12. Bf2 Qh5 13. Qe3 Bb4 14. O-O-O
O-O-O 15. a3 Bxc3 16. Qxc3 Rd7 17. f4 g5 18. d5 gxf4 19. Qh3 Qxh3 20. Bxh3 Nd8
21. Rd4 c6 22. d6 f3 23. Rg1 f5 24. exf6 Rf8 25. Rf4 Rdf7 26. Bh4 c5 27. Bg4
Nd7 28. Bh5 Ne5 29. Kb1 Kd7 30. Bxf7 Ndxf7 31. Bg3 Kc6 32. Rd1 Ng5 33. Rh4 Nd7
34. Rg4 h6 35. h4 Nh3 36. Rh1 f2 37. Rf1 Rxf6 38. Re4 1-0

[Event "Mitropa Cup 23th"]
[Site "Zemplinska Sirava"]
[Date "2004.06.01"]
[Round "4.1"]
[White "Laznicka, Viktor"]
[Black "Moser, Eva"]
[Result "0-1"]
[WhiteElo "2450"]
[BlackElo "2409"]
[PlyCount "110"]
[EventDate "2004.05.29"]
[EventType "team-tourn"]
[EventRounds "9"]
[EventCountry "SVK"]
[SourceTitle "CBM 100 Extra"]
[Source "ChessBase"]
[SourceDate "2004.07.06"]
[SourceVersion "2"]
[SourceVersionDate "2004.07.06"]
[SourceQuality "1"]
[WhiteTeam "Czech Republic"]
[BlackTeam "Austria"]
[WhiteTeamCountry "CZE"]
[BlackTeamCountry "AUT"]

1. e4 c5 2. Nf3 Nc6 3. Bb5 g6 4. O-O Bg7 5. Re1 Nf6 6. e5 Nd5 7. Nc3 Nc7 8. Bc4
O-O 9. d3 b6 10. Bf4 Ne6 11. Bg3 Bb7 12. Qd2 Kh8 13. a4 Ncd4 14. Nxd4 Nxd4 15.
Bd5 Qc8 16. Re4 Bxd5 17. Nxd5 Qc6 18. Nc3 d5 19. exd6 exd6 20. Rae1 Nf5 21. b3
a6 22. Bf4 h6 23. Nd1 Kh7 24. Ne3 Nd4 25. Nf1 b5 26. a5 b4 27. Ng3 Qd5 28. h4
Ne6 29. Qc1 Ra7 30. Nf1 Qc6 31. h5 g5 32. Bd2 d5 33. R4e2 Qc7 34. c3 bxc3 35.
Bxc3 Nf4 36. Rd2 d4 37. Bb2 Qxa5 38. Ng3 Qb6 39. Nf5 Bf6 40. Ba3 Rc7 41. g3
Nxh5 42. Qd1 Ng7 43. Qf3 Nxf5 44. Qxf5+ Kg7 45. Rde2 Qa5 46. Bc1 Qb5 47. g4 Qd7
48. Qe4 Rd8 49. Bd2 Rcc8 50. Ba5 Re8 51. Qf3 Rxe2 52. Rxe2 Rb8 53. Rc2 Rc8 54.
Re2 Qb5 55. Qf5 Rc6 0-1

[Event "Mitropa Cup 23th"]
[Site "Zemplinska Sirava"]
[Date "2004.05.30"]
[Round "2.1"]
[White "Arlandi, Ennio"]
[Black "Moser, Eva"]
[Result "1-0"]
[WhiteElo "2431"]
[BlackElo "2409"]
[PlyCount "67"]
[EventDate "2004.05.29"]
[EventType "team-tourn"]
[EventRounds "9"]
[EventCountry "SVK"]
[SourceTitle "CBM 100 Extra"]
[Source "ChessBase"]
[SourceDate "2004.07.06"]
[SourceVersion "2"]
[SourceVersionDate "2004.07.06"]
[SourceQuality "1"]
[WhiteTeam "Italy"]
[BlackTeam "Austria"]
[WhiteTeamCountry "ITA"]
[BlackTeamCountry "AUT"]

1. d4 Nf6 2. c4 g6 3. Nc3 Bg7 4. e4 O-O 5. Nf3 c6 6. Bd3 d6 7. h3 e5 8. d5 cxd5
9. cxd5 Nh5 10. Bg5 f6 11. Be3 Nf4 12. O-O Nxd3 13. Qxd3 f5 14. exf5 gxf5 15.
Ng5 Qe7 16. Rac1 Na6 17. Nb5 h6 18. Ne6 Bxe6 19. dxe6 Qxe6 20. Qxd6 Qxa2 21.
Nc7 Rf6 22. Qxe5 Rf7 23. Qg3 Nxc7 24. Rxc7 Rxc7 25. Qxc7 Qxb2 26. Rd1 a5 27.
Qc4+ Kh8 28. Rd7 f4 29. Bxf4 a4 30. Qe4 a3 31. Rxg7 Qxg7 32. Be5 Ra5 33. Bxg7+
Kxg7 34. Qxb7+ 1-0

[Event "Mitropa Cup 23th"]
[Site "Zemplinska Sirava"]
[Date "2004.05.29"]
[Round "1.1"]
[White "Moser, Eva"]
[Black "Jankovic, Alojzije"]
[Result "0-1"]
[WhiteElo "2409"]
[BlackElo "2444"]
[PlyCount "86"]
[EventDate "2004.05.29"]
[EventType "team-tourn"]
[EventRounds "9"]
[EventCountry "SVK"]
[SourceTitle "CBM 100 Extra"]
[Source "ChessBase"]
[SourceDate "2004.07.06"]
[SourceVersion "2"]
[SourceVersionDate "2004.07.06"]
[SourceQuality "1"]
[WhiteTeam "Austria"]
[BlackTeam "Croatia"]
[WhiteTeamCountry "AUT"]
[BlackTeamCountry "CRO"]

1. e4 c5 2. d3 Nc6 3. g3 g6 4. Bg2 Bg7 5. f4 d6 6. Nf3 e6 7. O-O Nge7 8. c3 O-O
9. Be3 b6 10. Na3 Ba6 11. Re1 b5 12. e5 Nd5 13. Bf2 dxe5 14. fxe5 Qe7 15. c4
bxc4 16. Nxc4 Rab8 17. Qe2 Rfd8 18. a3 Nb6 19. Rac1 Nxc4 20. dxc4 Na5 21. g4
Qc7 22. Rc2 Nb3 23. Rd1 Rxd1+ 24. Qxd1 Rd8 25. Qe1 Bb7 26. Bg3 Rd3 27. Rc3 Qd7
28. Rxd3 Qxd3 29. Qf1 Qxf1+ 30. Kxf1 Bxf3 31. Bxf3 Nd2+ 32. Ke2 Nxc4 33. Bf2
Nxe5 34. Bxc5 Nxf3 35. Kxf3 Bxb2 36. a4 a6 37. Ke4 f5+ 38. gxf5 gxf5+ 39. Kd3
Kf7 40. Kc4 Kf6 41. Kb4 e5 42. Ka5 Bd4 43. Bb4 f4 0-1

[Event "BL 0304 (Women)"]
[Site "Germany"]
[Date "2004.04.18"]
[Round "11.2"]
[White "Moser, Eva"]
[Black "Karlovich, Anastazia"]
[Result "1-0"]
[WhiteElo "2328"]
[BlackElo "2273"]
[PlyCount "71"]
[EventDate "2003.11.29"]
[EventType "team-tourn"]
[EventRounds "11"]
[EventCountry "GER"]
[SourceTitle "EXT 2005"]
[Source "ChessBase"]
[SourceDate "2004.11.15"]
[SourceVersion "1"]
[SourceVersionDate "2004.11.15"]
[SourceQuality "1"]
[WhiteTeam "Dresden SC (W)"]
[BlackTeam "Grosslehna (W)"]
[WhiteTeamCountry "GER"]
[BlackTeamCountry "GER"]

1. g3 d5 2. Bg2 Nf6 3. Nf3 c6 4. O-O Bg4 5. b3 Nbd7 6. Bb2 e6 7. d3 Bc5 8. e4
dxe4 9. dxe4 Nxe4 10. Bxg7 Rg8 11. Bb2 Qc7 12. b4 Be7 13. Nbd2 Nxd2 14. Qxd2
O-O-O 15. Qe3 Bxb4 16. Qxa7 Qa5 17. Qe3 Bc5 18. Qb3 h5 19. Rab1 Qc7 20. Ba1 f5
21. Kh1 f4 22. gxf4 Rdf8 23. Ng5 h4 24. Nxe6 Bxe6 25. Qxe6 Rxg2 26. Kxg2 Qxf4
27. Rb3 Qg5+ 28. Kh1 Rg8 29. Qe4 Bxf2 30. Rbb1 Bc5 31. Qf3 Qg6 32. Rbd1 Qxc2
33. Rxd7 Qg6 34. Rfd1 Rf8 35. Qh3 Be7 36. Rd8+ 1-0

[Event "BL 0304 (Women)"]
[Site "Germany"]
[Date "2004.04.17"]
[Round "10.2"]
[White "Lakos, Nikoletta"]
[Black "Moser, Eva"]
[Result "1/2-1/2"]
[WhiteElo "2372"]
[BlackElo "2328"]
[PlyCount "48"]
[EventDate "2003.11.29"]
[EventType "team-tourn"]
[EventRounds "11"]
[EventCountry "GER"]
[SourceTitle "EXT 2005"]
[Source "ChessBase"]
[SourceDate "2004.11.15"]
[SourceVersion "1"]
[SourceVersionDate "2004.11.15"]
[SourceQuality "1"]
[WhiteTeam "Halle (W)"]
[BlackTeam "Dresden SC (W)"]
[WhiteTeamCountry "GER"]
[BlackTeamCountry "GER"]

1. e4 d6 2. d4 Nf6 3. Nc3 Nbd7 4. Nf3 e5 5. Bc4 Be7 6. O-O O-O 7. Re1 c6 8. a4
Qc7 9. h3 b6 10. Ba2 a6 11. Nh4 exd4 12. Qxd4 Nc5 13. Nf3 Be6 14. Bf4 Bxa2 15.
Rxa2 Ne6 16. Qd2 Nxf4 17. Qxf4 Rfe8 18. Nd4 Bf8 19. Rea1 b5 20. Rd1 b4 21. Nb1
Qb6 22. Nf5 d5 23. Nd2 dxe4 24. Nxe4 Nxe4 1/2-1/2

[Event "Neckar op-A 8th"]
[Site "Deizisau"]
[Date "2004.04.11"]
[Round "6"]
[White "Landa, Konstantin"]
[Black "Moser, Eva"]
[Result "1-0"]
[WhiteElo "2563"]
[BlackElo "2392"]
[PlyCount "99"]
[EventDate "2004.04.08"]
[EventType "swiss"]
[EventRounds "9"]
[EventCountry "GER"]
[SourceTitle "CBM 099 Extra"]
[Source "ChessBase"]
[SourceDate "2004.05.04"]
[SourceVersion "1"]
[SourceVersionDate "2004.05.04"]
[SourceQuality "1"]

1. Nf3 d6 2. d4 Bg4 3. e4 Nf6 4. Nc3 e6 5. h3 Bh5 6. Qe2 c6 7. g4 Bg6 8. h4 h5
9. g5 Nfd7 10. Bh3 Be7 11. O-O O-O 12. Ne1 e5 13. f4 exd4 14. Nd1 d5 15. f5 Bh7
16. e5 Re8 17. Nd3 Bd6 18. e6 fxe6 19. fxe6 Bg6 20. Bf4 Nf8 21. Qh2 Bxf4 22.
Nxf4 Qd6 23. Nf2 Na6 24. N2d3 Nc7 25. Rae1 Be4 26. Qf2 Re7 27. Nxh5 Nfxe6 28.
Qg3 Qxg3+ 29. Nxg3 Rae8 30. Bxe6+ Rxe6 31. Nc5 Re5 32. Ncxe4 dxe4 33. Rf4 Nd5
34. Rfxe4 Rxe4 35. Rxe4 Rxe4 36. Nxe4 Nb4 37. c3 dxc3 38. Nxc3 Kf7 39. Kg2 g6
40. Kf3 Ke6 41. Ke4 Nd5 42. Ne2 c5 43. a4 b6 44. Ng3 Nc7 45. h5 Kf7 46. h6 Ne6
47. Kd5 Nxg5 48. Kc6 Ne6 49. Kb7 c4 50. Ne4 1-0

[Event "AUT-chT2M 0304"]
[Site "Austria"]
[Date "2004.03.13"]
[Round "10"]
[White "Moser, Eva"]
[Black "Lautner, Josef"]
[Result "1/2-1/2"]
[WhiteElo "2328"]
[BlackElo "2197"]
[PlyCount "57"]
[EventDate "2003.11.08"]
[EventType "team-tourn"]
[EventRounds "11"]
[EventCountry "AUT"]
[SourceTitle "EXT 2005"]
[Source "ChessBase"]
[SourceDate "2004.11.15"]
[SourceVersion "1"]
[SourceVersionDate "2004.11.15"]
[SourceQuality "1"]

1. e4 g6 2. d4 c6 3. Nc3 d5 4. e5 Bg7 5. h3 Nh6 6. Nf3 f6 7. Bf4 O-O 8. Qd2 Nf7
9. O-O-O b5 10. Re1 Na6 11. h4 Nc7 12. Bd3 Ne6 13. exf6 exf6 14. Be3 f5 15. h5
Qf6 16. hxg6 hxg6 17. g3 b4 18. Nd1 c5 19. dxc5 d4 20. Bf4 Bb7 21. Bc4 Nxc5 22.
Be5 Qd8 23. Bxg7 Kxg7 24. Bxf7 Bxf3 25. Qh6+ Kxf7 26. Qh7+ Kf6 27. Qh4+ Kf7 28.
Qh7+ Kf6 29. Qh4+ 1/2-1/2

[Event "AUT-chT2M 0304"]
[Site "Austria"]
[Date "2004.02.29"]
[Round "9"]
[White "Moser, Eva"]
[Black "Petroczi, Thomas"]
[Result "1/2-1/2"]
[WhiteElo "2328"]
[BlackElo "2164"]
[PlyCount "61"]
[EventDate "2003.11.08"]
[EventType "team-tourn"]
[EventRounds "11"]
[EventCountry "AUT"]
[SourceTitle "EXT 2005"]
[Source "ChessBase"]
[SourceDate "2004.11.15"]
[SourceVersion "1"]
[SourceVersionDate "2004.11.15"]
[SourceQuality "1"]

1. e4 c6 2. d4 d5 3. Nc3 dxe4 4. Nxe4 Bf5 5. Ng3 Bg6 6. h4 h6 7. Nf3 Nd7 8. Bd3
Bxd3 9. Qxd3 Ngf6 10. Bd2 e6 11. O-O-O Qc7 12. Qe2 c5 13. Rhe1 O-O-O 14. Kb1 c4
15. Ne5 Nxe5 16. dxe5 Nd5 17. Ne4 Be7 18. Qf3 Rhf8 19. Qg3 Rg8 20. h5 b5 21.
Bf4 Qc6 22. Qf3 Rd7 23. Bg3 Bc5 24. Nd6+ Bxd6 25. exd6 c3 26. Re5 cxb2 27.
Rdxd5 exd5 28. Rxd5 Kb8 29. Qb3 Re8 30. Rxb5+ Ka8 31. Kxb2 1/2-1/2

[Event "AUT-chT2M 0304"]
[Site "Austria"]
[Date "2004.02.28"]
[Round "8"]
[White "Woeber, Friedrich"]
[Black "Moser, Eva"]
[Result "1/2-1/2"]
[WhiteElo "2197"]
[BlackElo "2328"]
[PlyCount "36"]
[EventDate "2003.11.08"]
[EventType "team-tourn"]
[EventRounds "11"]
[EventCountry "AUT"]
[SourceTitle "EXT 2005"]
[Source "ChessBase"]
[SourceDate "2004.11.15"]
[SourceVersion "1"]
[SourceVersionDate "2004.11.15"]
[SourceQuality "1"]

1. e4 d6 2. d4 Nf6 3. Nc3 Nbd7 4. Nf3 e5 5. Bc4 Be7 6. dxe5 dxe5 7. Ng5 O-O 8.
Bxf7+ Rxf7 9. Ne6 Qe8 10. Nxc7 Qd8 11. Nxa8 b5 12. Nd5 Bd6 13. Bg5 Bb7 14. Qd3
Nc5 15. Qxb5 Ba6 16. Qc6 Bb7 17. Qb5 Ba6 18. Qc6 Bb7 1/2-1/2